Представление документа в формате RUSMARC

ПолеНазваниеЗначение
  Тип записи a
  Библиографический уровень a
001 Контрольный номер RU/CBS_Ul/BASE/539697535
005 Дата корректировки 20240209175110.4
100 Данные общей обработки __
a Данные общей обработки 20170206d2017 ||| 0rusy0189 ca
101 Язык документа 0_
a Язык текста rus
102 Страна публикации __
a Страна публикации RU
105 Кодированные данные (монография) __
a Кодированные данные (монография) y###||||000|y
200 Заглавие и сведения об ответственности 1_
a Заглавие Николай Надеждин - кумир Ивана Гончарова
b Общее обозначение материала Текст
e Сведения, относящиеся к заглавию [о русском учёном, критике, профессоре Московского Университета - Н.И. Надеждине]
f Первые сведения об ответственности Г. Челноков
300 Общие примечания __
a Общие примечания Ограничения по возрасту - 12+
461 Уровень набора _0
1 2000
a Мономах
463 Уровень физической единицы _0
1 001RU/CBS_Ul/BASE/539693460
1 2000
a № 2
v С. 12-14
1 210
d 2009
600 Персоналии _0
a Персоналии (Фамилия) Надеждин
b Персоналии (Имя, инициалы) Н.И.
600 Персоналии _0
a Персоналии (Фамилия) Гончаров
b Персоналии (Имя, инициалы) И.А.
606 Тематические рубрики 0_
a Основная рубрика Гончаров, Иван Александрович (1812-1891)
606 Тематические рубрики 0_
a Основная рубрика Надеждин, Николай Иванович (1804-1856)
610 Ключевые слова 0_
a Ключевые слова русские писатели
610 Ключевые слова 0_
a Ключевые слова русские ученые
610 Ключевые слова 0_
a Ключевые слова профессора
610 Ключевые слова 0_
a Ключевые слова философы
610 Ключевые слова 0_
a Ключевые слова критики
610 Ключевые слова 0_
a Ключевые слова журналисты
610 Ключевые слова 0_
a Ключевые слова преподаватели
610 Ключевые слова 0_
a Ключевые слова этнографы
610 Ключевые слова 0_
a Ключевые слова знатоки церкви
686 Индексы других классификаций __
a Классификационный индекс 83.3(2Рос=Рус)1
2 Код системы ББК
686 Индексы других классификаций __
a Классификационный индекс 72
700 Автор _1
a Фамилия Челноков
b Имя (инициалы) Г.
801 Источник записи _0
a Страна RU
b Организация МБУК ЦБС г. Ульяновска
c Дата составления 20170206
g Правила каталогизации RCR
801 Источник записи _1
a Страна RU
b Организация МБУК ЦБС г. Ульяновска
c Дата составления 20170206
g Правила каталогизации RCR
900 Электронные ресурсы __
a Имя электронного ресурса Челноков Надеждин
901 Тип документа __
t Тип документа b
w Контрольный № источника RU/CBS_Ul/BASE/539693460
910 Корректоры записи __
a Корректор записи admin2
938 Служебная информация __
a Имя БД kraeved